000 00822nam a2200253Ia 4500
003 OSt
005 20220923215230.0
006 a|||||r|||| 00| 0
007 ta
008 220922b |||||||| |||| 00| 0 hin d
024 _a176,799
037 _cTextual
040 _aARTS
_cARTS
_bhin
041 _2hin
_ahin
082 _aO152,1(Delta25):g, L7
100 _aप्रेम शंकर
245 0 _aभक्ति चिन्तन की भूमिका
246 _aBhakti chintan kī bhūmikā
260 _aइलाहाबाद
_b साहित्य भवन
_c1977
300 _a116 पृ.
_ccm.
650 _aहिन्दी साहित्य
_9156264
942 _hO152,1(Delta25):g, L7
_cTEXL
_2CC
999 _c330294
_d330294